<?xml version="1.0" encoding="UTF-8"?>
<record
    xmlns:xsi="http://www.w3.org/2001/XMLSchema-instance"
    xsi:schemaLocation="http://www.loc.gov/MARC21/slim http://www.loc.gov/standards/marcxml/schema/MARC21slim.xsd"
    xmlns="http://www.loc.gov/MARC21/slim">

  <leader>00430nam a22001457a 4500</leader>
  <datafield tag="999" ind1=" " ind2=" ">
    <subfield code="c">17078</subfield>
    <subfield code="d">17078</subfield>
  </datafield>
  <controlfield tag="008">180802b        xxu||||| |||| 00| 0 eng d</controlfield>
  <datafield tag="020" ind1=" " ind2=" ">
    <subfield code="a">0808923323</subfield>
  </datafield>
  <datafield tag="050" ind1=" " ind2=" ">
    <subfield code="a">RQ181 </subfield>
    <subfield code="b">.I46 2006 c.1</subfield>
  </datafield>
  <datafield tag="245" ind1=" " ind2=" ">
    <subfield code="a">Immunology</subfield>
    <subfield code="c">edited by David Male, Jonathan Brostoff, David B Roth and Ivan Roitt</subfield>
  </datafield>
  <datafield tag="250" ind1=" " ind2=" ">
    <subfield code="a">7th ed. </subfield>
    <subfield code="b">International Edition</subfield>
  </datafield>
  <datafield tag="260" ind1=" " ind2=" ">
    <subfield code="a">UK</subfield>
    <subfield code="b">Elsevier</subfield>
    <subfield code="c">2006</subfield>
  </datafield>
  <datafield tag="300" ind1=" " ind2=" ">
    <subfield code="a">x, 552p.</subfield>
  </datafield>
  <datafield tag="650" ind1=" " ind2=" ">
    <subfield code="a">Immunology</subfield>
  </datafield>
  <datafield tag="942" ind1=" " ind2=" ">
    <subfield code="2">lcc</subfield>
    <subfield code="c">RES</subfield>
  </datafield>
  <datafield tag="952" ind1=" " ind2=" ">
    <subfield code="0">0</subfield>
    <subfield code="1">0</subfield>
    <subfield code="2">lcc</subfield>
    <subfield code="7">0</subfield>
    <subfield code="a">KABU</subfield>
    <subfield code="b">KABU</subfield>
    <subfield code="d">2018-08-02</subfield>
    <subfield code="g">6260.00</subfield>
    <subfield code="l">19</subfield>
    <subfield code="m">2</subfield>
    <subfield code="o">QR181  .I46 2006 c.1</subfield>
    <subfield code="p">025794</subfield>
    <subfield code="r">2025-12-08 13:52:25</subfield>
    <subfield code="s">2025-12-02</subfield>
    <subfield code="w">2018-08-02</subfield>
    <subfield code="y">BK</subfield>
  </datafield>
  <datafield tag="952" ind1=" " ind2=" ">
    <subfield code="0">0</subfield>
    <subfield code="1">0</subfield>
    <subfield code="2">lcc</subfield>
    <subfield code="7">0</subfield>
    <subfield code="a">KABU</subfield>
    <subfield code="b">KABU</subfield>
    <subfield code="d">2018-08-02</subfield>
    <subfield code="g">6260.00</subfield>
    <subfield code="l">18</subfield>
    <subfield code="o">QR181  .I46 2006 c.2</subfield>
    <subfield code="p">025795</subfield>
    <subfield code="r">2025-11-06 10:47:29</subfield>
    <subfield code="s">2025-10-21</subfield>
    <subfield code="w">2018-08-02</subfield>
    <subfield code="y">BK</subfield>
  </datafield>
  <datafield tag="952" ind1=" " ind2=" ">
    <subfield code="0">0</subfield>
    <subfield code="1">0</subfield>
    <subfield code="2">lcc</subfield>
    <subfield code="7">0</subfield>
    <subfield code="a">KABU</subfield>
    <subfield code="b">KABU</subfield>
    <subfield code="d">2018-08-02</subfield>
    <subfield code="g">6260.00</subfield>
    <subfield code="l">19</subfield>
    <subfield code="o">QR181  .I46 2006 c.3</subfield>
    <subfield code="p">025796</subfield>
    <subfield code="q">2025-12-19</subfield>
    <subfield code="r">2025-12-02 17:04:16</subfield>
    <subfield code="s">2025-12-02</subfield>
    <subfield code="w">2018-08-02</subfield>
    <subfield code="y">BK</subfield>
  </datafield>
  <datafield tag="952" ind1=" " ind2=" ">
    <subfield code="0">0</subfield>
    <subfield code="1">0</subfield>
    <subfield code="2">lcc</subfield>
    <subfield code="7">0</subfield>
    <subfield code="a">KABU</subfield>
    <subfield code="b">KABU</subfield>
    <subfield code="d">2018-08-02</subfield>
    <subfield code="g">6260.00</subfield>
    <subfield code="l">18</subfield>
    <subfield code="m">2</subfield>
    <subfield code="o">QR181  .I46 2006 c.4</subfield>
    <subfield code="p">025797</subfield>
    <subfield code="r">2025-11-20 15:57:58</subfield>
    <subfield code="s">2025-11-20</subfield>
    <subfield code="w">2018-08-02</subfield>
    <subfield code="y">BK</subfield>
  </datafield>
  <datafield tag="952" ind1=" " ind2=" ">
    <subfield code="0">0</subfield>
    <subfield code="1">0</subfield>
    <subfield code="2">lcc</subfield>
    <subfield code="7">0</subfield>
    <subfield code="a">KABU</subfield>
    <subfield code="b">KABU</subfield>
    <subfield code="d">2018-08-02</subfield>
    <subfield code="g">6260.00</subfield>
    <subfield code="l">12</subfield>
    <subfield code="m">2</subfield>
    <subfield code="o">QR181  .I46 2006 c.5</subfield>
    <subfield code="p">025789</subfield>
    <subfield code="r">2024-03-04 14:25:53</subfield>
    <subfield code="s">2024-02-02</subfield>
    <subfield code="w">2018-08-02</subfield>
    <subfield code="y">BK</subfield>
  </datafield>
  <datafield tag="952" ind1=" " ind2=" ">
    <subfield code="0">0</subfield>
    <subfield code="1">0</subfield>
    <subfield code="2">lcc</subfield>
    <subfield code="7">0</subfield>
    <subfield code="a">KABU</subfield>
    <subfield code="b">KABU</subfield>
    <subfield code="d">2018-08-02</subfield>
    <subfield code="g">6260.00</subfield>
    <subfield code="l">14</subfield>
    <subfield code="m">1</subfield>
    <subfield code="o">QR181  .I46 2006 c.6</subfield>
    <subfield code="p">031062</subfield>
    <subfield code="r">2023-03-08 00:00:00</subfield>
    <subfield code="s">2023-02-21</subfield>
    <subfield code="w">2018-08-02</subfield>
    <subfield code="y">BK</subfield>
  </datafield>
  <datafield tag="952" ind1=" " ind2=" ">
    <subfield code="0">0</subfield>
    <subfield code="1">0</subfield>
    <subfield code="2">lcc</subfield>
    <subfield code="7">0</subfield>
    <subfield code="a">KABU</subfield>
    <subfield code="b">KABU</subfield>
    <subfield code="d">2018-08-02</subfield>
    <subfield code="g">6260.00</subfield>
    <subfield code="l">16</subfield>
    <subfield code="m">1</subfield>
    <subfield code="o">QR181  .I46 2006 c.7</subfield>
    <subfield code="p">025790</subfield>
    <subfield code="r">2026-02-03 21:29:19</subfield>
    <subfield code="s">2026-01-19</subfield>
    <subfield code="t">c. 7</subfield>
    <subfield code="w">2018-08-02</subfield>
    <subfield code="y">BK</subfield>
  </datafield>
  <datafield tag="952" ind1=" " ind2=" ">
    <subfield code="0">0</subfield>
    <subfield code="1">0</subfield>
    <subfield code="2">lcc</subfield>
    <subfield code="7">0</subfield>
    <subfield code="a">KABU</subfield>
    <subfield code="b">KABU</subfield>
    <subfield code="d">2018-08-02</subfield>
    <subfield code="g">6260.00</subfield>
    <subfield code="l">14</subfield>
    <subfield code="o">QR181  .I46 2006 c.8</subfield>
    <subfield code="p">025791</subfield>
    <subfield code="r">2024-02-27 21:40:15</subfield>
    <subfield code="s">2024-02-16</subfield>
    <subfield code="t">c. 8</subfield>
    <subfield code="w">2018-08-02</subfield>
    <subfield code="y">BK</subfield>
  </datafield>
  <datafield tag="952" ind1=" " ind2=" ">
    <subfield code="0">0</subfield>
    <subfield code="1">0</subfield>
    <subfield code="2">lcc</subfield>
    <subfield code="7">0</subfield>
    <subfield code="a">KABU</subfield>
    <subfield code="b">KABU</subfield>
    <subfield code="d">2018-08-02</subfield>
    <subfield code="g">6260.00</subfield>
    <subfield code="l">12</subfield>
    <subfield code="m">2</subfield>
    <subfield code="o">QR181  .I46 2006 c.9</subfield>
    <subfield code="p">025792</subfield>
    <subfield code="r">2025-03-10 13:50:21</subfield>
    <subfield code="s">2025-02-12</subfield>
    <subfield code="w">2018-08-02</subfield>
    <subfield code="y">BK</subfield>
  </datafield>
  <datafield tag="952" ind1=" " ind2=" ">
    <subfield code="0">0</subfield>
    <subfield code="1">0</subfield>
    <subfield code="2">lcc</subfield>
    <subfield code="7">0</subfield>
    <subfield code="a">KABU</subfield>
    <subfield code="b">KABU</subfield>
    <subfield code="d">2018-08-02</subfield>
    <subfield code="g">6260.00</subfield>
    <subfield code="l">13</subfield>
    <subfield code="o">QR181  .I46 2006 c.10</subfield>
    <subfield code="p">025793</subfield>
    <subfield code="r">2025-10-28 17:43:16</subfield>
    <subfield code="s">2025-10-11</subfield>
    <subfield code="w">2018-08-02</subfield>
    <subfield code="y">BK</subfield>
  </datafield>
</record>
